| 000 | 00492nam a22001457a 4500 | ||
|---|---|---|---|
| 999 |
_c15778 _d15778 |
||
| 003 | OSt | ||
| 008 | 191016b ||||| |||| 00| 0 eng d | ||
| 082 |
_a631.3 _bRIN/IN |
||
| 100 |
_aRinju Lukose _94301 |
||
| 245 | _aInvestigations for the development of electrostatic pollinator | ||
| 260 |
_aTavanur _bDepartment of Farm Machinery and Power Engineering _c2019 |
||
| 700 |
_aDhalin, D (Guide) _94302 |
||
| 856 | _uhttps://drive.google.com/open?id=1B7gpfgbvVHG4Iqggt5I4XqhMt86YPmHn | ||
| 942 | _cTH | ||